[Event "WYCC 2008 U18 boys"]
[Site "Vung Tau City VIE"]
[Date "2008.10.29"]
[Round "10.1"]
[White "Le Quang, Liem"]
[Black "Ter-Sahakyan, Samvel"]
[Result "1/2-1/2"]
[WhiteElo "2583"]
[BlackElo "2495"]
[PlyCount "68"]
[EventDate "2008.10.20"]
[Source "www.chesslib.no"]
[SourceDate "2004.05.04"]

1. d4 d5 2. c4 c6 3. Nf3 Nf6 4. Qc2 e6 5. Bg5 Be7 6. e3 Nbd7 7. Nc3 O-O 8. a3 Re8 9. Rd1 dxc4 10. Bxc4 Nd5 11. Bxe7 Qxe7 12. O-O Nxc3 13. Qxc3 b6 14. e4 Bb7 15. Rfe1 c5 16. d5 exd5 17. Bxd5 Bxd5 18. Rxd5 Nf6 19. Re5 Qc7 20. Rxe8+ Rxe8 21. e5 Nd7 22. Rd1 Nf8 23. Rd6 Ne6 24. Qc4 Rb8 25. h4 b5 26. Qd5 h6 27. Nd2 Qb7 28. Ne4 Qxd5 29. Rxd5 b4 30. Rd7 c4 31. axb4 Rxb4 32. Rxa7 Rxb2 33. Ra8+ Kh7 34. Rc8 Rb5 1/2-1/2

[Event "Sochi-A"]
[Site "Sochi"]
[Date "1989.??.??"]
[Round "?"]
[White "Vyzmanavin, Alexey"]
[Black "Ruban, Vadim"]
[Result "1-0"]
[WhiteElo "2555"]
[BlackElo "2515"]
[PlyCount "61"]
[EventDate "1989.01.??"]
[Source "ChessBase"]

1. d4 Nf6 2. c4 e6 3. Nf3 d5 4. Nc3 Nbd7 5. Bg5 Be7 6. e3 O-O 7. Qc2 c5 8. O-O-O Qa5 9. h4 Nb6 10. Bd3 h6 11. Bxf6 Bxf6 12. g4 cxd4 13. exd4 dxc4 14. Bh7+ Kh8 15. g5 Be7 16. gxh6 gxh6 17. Rdg1 Nd7 18. Be4 f5 19. Qd2 Rf6 20. Qf4 Qd8 21. Bc2 Qf8 22. Ne5 Kh7 23. Ne4 fxe4 24. Qxe4+ Rf5 25. Ng6 Qf7 26. Nxe7 Qxe7 27. Re1 Qd6 28. Qxe6 Qf4+ 29. Qe3 Kg8 30. Bxf5 Qxf5 31. Rhg1+ 1-0

[Event "URS-ESP mT"]
[Site "Logrono"]
[Date "1991.??.??"]
[Round "?"]
[White "Bellon Lopez, Juan Manuel"]
[Black "Vladimirov, Evgeny Y"]
[Result "0-1"]
[WhiteElo "2495"]
[BlackElo "2575"]
[PlyCount "144"]
[EventDate "1991.12.??"]
[Source "www.chesslib.no"]
[SourceDate "2004.05.04"]

1. d4 Nf6 2. c4 e6 3. Nf3 d5 4. Nc3 Be7 5. Bg5 h6 6. Bh4 O-O 7. e3 Nbd7 8. Qc2 c5 9. Rd1 Qa5 10. cxd5 Nxd5 11. Bxe7 Nxe7 12. Be2 cxd4 13. Nxd4 Nf6 14. O-O Bd7 15. Bf3 e5 16. Nb3 Qc7 17. Rd2 Bf5 18. Qd1 Rad8 19. Nb5 Qb6 20. Rd6 Nc6 21. Bxc6 bxc6 22. Nc3 Bc2 23. Qd2 Bxb3 24. axb3 Rxd6 25. Qxd6 Qxb3 26. Qxc6 Qxb2 27. h3 Qb6 28. Nd5 Nxd5 29. Qxd5 Qc7 30. Ra1 Rd8 31. Qb5 Rd6 32. Qa5 Rd7 33. Qb5 h5 34. h4 g6 35. Ra5 Qd8 36. Ra4 Rd5 37. Qa6 Rd7 38. Kh2 Rc7 39. Qa5 Qd6 40. Re4 Re7 41. Qa1 a6 42. Rc4 Re6 43. Kg1 Qd2 44. Qb1 Kg7 45. Rc2 Rb6 46. Rxd2 Rxb1+ 47. Kh2 Ra1 48. Rd6 a5 49. e4 Ra4 50. f3 Rd4 51. Ra6 a4 52. Kh3 f5 53. exf5 gxf5 54. Kg3 Kf7 55. Rh6 a3 56. Ra6 Rd3 57. Kf2 Rb3 58. Ke2 Rb2+ 59. Ke3 a2 60. g3 Rh2 61. Kd3 Ke7 62. Kc4 e4 63. fxe4 fxe4 64. Kd4 Re2 65. Ke5 Kd7 66. Kf4 Kc7 67. g4 hxg4 68. h5 Rf2+ 69. Kg3 e3 70. h6 Rf3+ 71. Kxg4 e2 72. Kxf3 e1=Q 0-1

[Event "Novi Sad ol (Men)"]
[Site "Novi Sad YUG"]
[Date "1990.??.??"]
[Round "13"]
[White "Stohl, Igor"]
[Black "Kovacevic, Vlatko"]
[Result "1/2-1/2"]
[WhiteElo "2530"]
[BlackElo "2530"]
[PlyCount "74"]
[EventDate "1990.11.??"]
[Source "www.chesslib.no"]
[SourceDate "2004.05.04"]

1. d4 e6 2. c4 d5 3. Nc3 Nf6 4. Bg5 Nbd7 5. e3 Be7 6. Nf3 O-O 7. Qc2 c6 8. Rd1 a6 9. a3 Re8 10. h3 b5 11. c5 h6 12. Bf4 a5 13. Bd3 b4 14. Na4 Ba6 15. Bxa6 Rxa6 16. O-O Ne4 17. Ne5 Nxe5 18. Bxe5 bxa3 19. bxa3 f6 20. Bh2 Bf8 21. Rb1 e5 22. Rb6 Qc8 23. Qb2 Rxb6 24. cxb6 Nd6 25. Rc1 exd4 26. Bxd6 Bxd6 27. exd4 Qe6 28. Qc3 Qe2 29. g3 h5 30. Qxc6 Bxg3 31. fxg3 Qe3+ 32. Kg2 Qe4+ 33. Kh2 Qe2+ 34. Kg1 Qe3+ 35. Kg2 Qd2+ 36. Kh1 Re1+ 37. Rxe1 Qxe1+ 1/2-1/2

[Event "Bled ol (Men)"]
[Site "?"]
[Date "2002.11.06"]
[Round "11"]
[White "Istratescu Andrei"]
[Black "Murshed Niaz"]
[Result "1-0"]
[WhiteElo "2615"]
[BlackElo "2443"]
[PlyCount "57"]
[EventDate "2002.??.??"]
[Source "www.chesslib.no"]
[SourceDate "2004.05.04"]

1. d4 d5 2. c4 e6 3. Nf3 Nf6 4. Bg5 c6 5. e3 Nbd7 6. Nc3 Be7 7. Qc2 O-O 8. a3 h6 9. Bf4 c5 10. dxc5 Nxc5 11. O-O-O Qb6 12. Ne5 Nfe4 13. Nxe4 Nxe4 14. Bd3 Nf6 15. g4 Nd7 16. h4 Nxe5 17. Bxe5 dxc4 18. Bh7+ Kh8 19. g5 Qb3 20. gxh6 Qxc2+ 21. Bxc2 Bf6 22. hxg7+ Bxg7 23. Bd6 Rg8 24. h5 f5 25. h6 Bf6 26. h7 Re8 27. Rdg1 Bd7 28. Rh6 Bg7 29. Rhg6 1-0

[Event "Gold Coast Parkroyal op"]
[Site "Gold Coast"]
[Date "2000.06.11"]
[Round "5"]
[White "Rogers, Ian"]
[Black "Johansen, Darryl K"]
[Result "1/2-1/2"]
[WhiteElo "2562"]
[BlackElo "2494"]
[PlyCount "81"]
[EventDate "2000.06.07"]
[Source "ChessBase"]
[SourceDate "2000.07.11"]

1. d4 d5 2. c4 e6 3. Nc3 Be7 4. Nf3 Nf6 5. Bg5 O-O 6. e3 Nbd7 7. Qc2 c6 8. a3 Re8 9. Bd3 dxc4 10. Bxc4 Nd5 11. Bxe7 Qxe7 12. O-O Nxc3 13. bxc3 c5 14. e4 b6 15. Bb5 Rd8 16. Rfe1 Nf8 17. a4 Bb7 18. Qb2 Ng6 19. Bf1 cxd4 20. cxd4 Nh4 21. Nxh4 Qxh4 22. a5 Rab8 23. axb6 axb6 24. g3 Qf6 25. Ra4 Bc6 26. Rc4 Be8 27. Rb4 b5 28. Rc1 g6 29. Be2 Qe7 30. Rc5 Qa7 31. h4 Ra8 32. Bxb5 Bxb5 33. Rcxb5 Qa1+ 34. Qxa1 Rxa1+ 35. Kg2 Rd1 36. h5 Kg7 37. hxg6 hxg6 38. d5 exd5 39. e5 Re8 40. f4 g5 41. Kf3 1/2-1/2

[Event "Brno"]
[Site "Brno"]
[Date "1993.??.??"]
[Round "8"]
[White "Stohl, Igor"]
[Black "Blatny, Pavel"]
[Result "1/2-1/2"]
[WhiteElo "2545"]
[BlackElo "2510"]
[PlyCount "95"]
[EventDate "1993.08.??"]
[Source "ChessBase"]

1. d4 d5 2. c4 e6 3. Nf3 Nd7 4. Nc3 Ngf6 5. Bg5 h6 6. Bh4 Be7 7. e3 O-O 8. Qc2 Re8 9. Bd3 dxc4 10. Bxc4 a6 11. a4 b6 12. O-O Bb7 13. Rfd1 Nh5 14. Bg3 Nxg3 15. hxg3 Bd6 16. d5 e5 17. Nh4 Nf6 18. Nf5 g6 19. Nxd6 cxd6 20. Qe2 Re7 21. Rac1 Rc7 22. Rc2 Kg7 23. Rdc1 Rc5 24. e4 h5 25. Bd3 a5 26. Nb5 Qe7 27. Qd2 Nd7 28. Na3 Rh8 29. Nc4 Bc8 30. f3 Ba6 31. Ne3 Bxd3 32. Qxd3 Qg5 33. Kf2 h4 34. g4 Qf4 35. Rh1 Qg3+ 36. Ke2 h3 37. Rxh3 Rxh3 38. gxh3 Qxh3 39. Nc4 Rc8 40. Qe3 Nc5 41. Nxd6 Qg2+ 42. Kd1 Qf1+ 43. Kd2 Qg2+ 44. Kd1 Qf1+ 45. Kd2 Rh8 46. Nf5+ gxf5 47. Qg5+ Kf8 48. Qd8+ 1/2-1/2

[Event "Vinkovci"]
[Site "Vinkovci"]
[Date "1995.??.??"]
[Round "?"]
[White "Stohl, Igor"]
[Black "Kovacevic, Vlatko"]
[Result "1/2-1/2"]
[WhiteElo "2530"]
[BlackElo "2520"]
[PlyCount "37"]
[EventDate "1995.04.??"]
[Source "ChessBase"]

1. d4 Nf6 2. c4 e6 3. Nc3 d5 4. Bg5 Nbd7 5. e3 Be7 6. Nf3 O-O 7. Qc2 a6 8. cxd5 exd5 9. Bd3 c5 10. dxc5 Nxc5 11. O-O Nxd3 12. Qxd3 Be6 13. Rfd1 Qd7 14. Rd2 Rfd8 15. Rad1 Rac8 16. h3 h6 17. Bh4 Qe8 18. Nd4 Rc4 19. Bg3 1/2-1/2

[Event "ch"]
[Site "Djakovo ch"]
[Date "1992.??.??"]
[Round "1"]
[White "Cvitan, Ognjen"]
[Black "Kovacevic, V."]
[Result "1-0"]
[WhiteElo "2505"]
[BlackElo "2545"]
[PlyCount "51"]
[EventDate "1992.??.??"]
[Source "www.chesslib.no"]
[SourceDate "2004.05.04"]

1. d4 d5 2. c4 e6 3. Nc3 Nf6 4. Bg5 Nbd7 5. e3 Be7 6. Nf3 O-O 7. Qc2 a6 8. cxd5 exd5 9. Bd3 c5 10. O-O c4 11. Bf5 g6 12. Bh3 b5 13. Ne5 Bb7 14. Rad1 b4 15. Ne2 Re8 16. Ng3 Nf8 17. Qa4 Qb6 18. f4 Qb5 19. Qc2 N6d7 20. Bh6 Bd6 21. Qf2 f6 22. Nh5 Be7 23. Nxd7 gxh5 24. Qg3+ Ng6 25. f5 h4 26. fxg6 1-0

[Event "CRO-ch"]
[Site "?"]
[Date "1992.??.??"]
[Round "?"]
[White "Dizdar Goran"]
[Black "Kovacevic Vlatko"]
[Result "1-0"]
[WhiteElo "2495"]
[BlackElo "2545"]
[PlyCount "93"]
[EventDate "1992.??.??"]
[Source "www.chesslib.no"]
[SourceDate "2004.05.04"]

1. d4 d5 2. c4 e6 3. Nc3 Nf6 4. Bg5 Nbd7 5. e3 Be7 6. Nf3 O-O 7. Qc2 a6 8. Rd1 Re8 9. a3 c6 10. Bd3 dxc4 11. Bxc4 b5 12. Bd3 h6 13. Bxf6 Nxf6 14. O-O Qb6 15. Ne4 Nd7 16. b4 a5 17. Nc5 axb4 18. axb4 Rd8 19. Bh7+ Kf8 20. Be4 Nxc5 21. bxc5 Qc7 22. Ne5 Bd7 23. Nxd7+ Qxd7 24. Ra1 f5 25. Bf3 Bf6 26. g4 fxg4 27. Bxg4 Qd5 28. Bh3 Rxa1 29. Rxa1 e5 30. Bg2 Qd7 31. d5 cxd5 32. c6 Qc7 33. Qc5+ Qe7 34. Qxb5 e4 35. Rd1 d4 36. exd4 e3 37. fxe3 Qxe3+ 38. Kh1 Rxd4 39. Rf1 Qc3 40. Qb8+ Ke7 41. c7 Rc4 42. Qd8+ Kf7 43. Bd5+ Kg6 44. Qe8+ Kg5 45. Bxc4 Qxc4 46. Rg1+ Kf4 47. Rg4+ 1-0

[Event "Pamplona9697"]
[Site "Pamplona"]
[Date "1996.??.??"]
[Round "8"]
[White "Cramling, Pia"]
[Black "Gomez Esteban, Juan Mario"]
[Result "1/2-1/2"]
[WhiteElo "2545"]
[BlackElo "2495"]
[PlyCount "93"]
[EventDate "1996.12.??"]
[Source "ChessBase"]
[SourceDate "1997.04.10"]

1. d4 Nf6 2. c4 e6 3. Nf3 d5 4. Nc3 Be7 5. Bg5 O-O 6. e3 Nbd7 7. Qc2 h6 8. Bh4 c5 9. cxd5 Nxd5 10. Bxe7 Nxe7 11. Be2 cxd4 12. Nxd4 Nf6 13. O-O Qb6 14. Na4 Qa5 15. Nc5 b6 16. Ncb3 Qe5 17. Rac1 Bd7 18. Qc7 Qxc7 19. Rxc7 Ned5 20. Rcc1 Rfc8 21. a3 a5 22. Nd2 Kf8 23. Nc4 Rab8 24. Ne5 Be8 25. Ndc6 Ra8 26. Rc2 Nd7 27. Nxd7+ Bxd7 28. Rfc1 Bxc6 29. Rxc6 Ne7 30. Rxc8+ Rxc8 31. Rxc8+ Nxc8 32. Kf1 Ke7 33. Ke1 Nd6 34. Bd3 e5 35. Kd2 Ke6 36. Bc2 Kd5 37. Bb3+ Kc5 38. Kd3 f6 39. Be6 b5 40. h4 b4 41. axb4+ axb4 42. f3 g5 43. hxg5 hxg5 44. g4 Kb5 45. Bd7+ Kb6 46. Be6 Kc5 47. Bg8 1/2-1/2

[Event "EU-chT (Men)"]
[Site "Haifa"]
[Date "1989.??.??"]
[Round "9"]
[White "Velikov, Petar"]
[Black "Eingorn, Vereslav S"]
[Result "1/2-1/2"]
[WhiteElo "2480"]
[BlackElo "2560"]
[PlyCount "25"]
[EventDate "1989.11.??"]
[Source "ChessBase"]

1. Nf3 Nf6 2. c4 e6 3. Nc3 d5 4. d4 Nbd7 5. Bg5 h6 6. Bh4 Be7 7. e3 O-O 8. Qc2 Re8 9. Rd1 a6 10. cxd5 exd5 11. Bd3 c6 12. O-O Ne4 13. Bxe7 1/2-1/2